| 000 | 00523nam a22001817a 4500 | ||
|---|---|---|---|
| 003 | CEME | ||
| 005 | 20210628204145.0 | ||
| 008 | 210112b xxu||||| |||| 00| 0 eng d | ||
| 020 | _a9780070591127 | ||
| 040 | _cceme | ||
| 082 | _a006.32 SIV | ||
| 100 |
_aSivanandam, S.N , Sumathi, S , Deepa, S.N _969006 |
||
| 245 | _aIntroduction to neural networks using matlab 6.0 | ||
| 260 |
_aNEW DELHI _bTATA MCGRAW HILL _c2006 |
||
| 300 | _aXXIII, 653P | ||
| 650 |
_aNEURAL NETWORKS USING MATLAB 6.0 _969007 |
||
| 942 |
_cBK _2ddc |
||
| 999 |
_c576433 _d576433 |
||